<?xml version="1.0" encoding="UTF-8"?>
<record
    xmlns:xsi="http://www.w3.org/2001/XMLSchema-instance"
    xsi:schemaLocation="http://www.loc.gov/MARC21/slim http://www.loc.gov/standards/marcxml/schema/MARC21slim.xsd"
    xmlns="http://www.loc.gov/MARC21/slim">

  <leader>00668nab a2200205uuc4500</leader>
  <controlfield tag="001">1228842</controlfield>
  <controlfield tag="005">20240202100733.0</controlfield>
  <controlfield tag="008">110121nuuuuuuuu                    spa  </controlfield>
  <datafield tag="035" ind1=" " ind2=" ">
    <subfield code="a">1228842</subfield>
  </datafield>
  <datafield tag="035" ind1=" " ind2=" ">
    <subfield code="a">(OCoLC)820570921</subfield>
  </datafield>
  <datafield tag="040" ind1=" " ind2=" ">
    <subfield code="c">comduadb</subfield>
  </datafield>
  <datafield tag="041" ind1=" " ind2=" ">
    <subfield code="a">spa</subfield>
  </datafield>
  <datafield tag="100" ind1="1" ind2="0">
    <subfield code="a">Britto Garc&#xED;a, Luis,</subfield>
    <subfield code="d">1940-</subfield>
    <subfield code="4">aut</subfield>
    <subfield code="0">(isni)0000 0001 1019 6543</subfield>
    <subfield code="0">(viaf)5789</subfield>
    <subfield code="e">aut</subfield>
    <subfield code="9">248346</subfield>
  </datafield>
  <datafield tag="245" ind1="1" ind2="3">
    <subfield code="a">Un a&#xF1;o de c&#xE1;tedra del humor</subfield>
  </datafield>
  <datafield tag="650" ind1=" " ind2=" ">
    <subfield code="a">Teatro comico</subfield>
    <subfield code="9">84550</subfield>
  </datafield>
  <datafield tag="650" ind1=" " ind2=" ">
    <subfield code="a">Teatro venezolano</subfield>
    <subfield code="9">19290</subfield>
  </datafield>
  <datafield tag="650" ind1=" " ind2=" ">
    <subfield code="a">Teatro latinoamericano</subfield>
    <subfield code="9">42977</subfield>
  </datafield>
  <datafield tag="773" ind1="0" ind2=" ">
    <subfield code="t">Conjunto (La Habana)</subfield>
    <subfield code="g">N&#xFA;mero 051, Enero-Marzo 1982, p. 101-103</subfield>
    <subfield code="w">221931</subfield>
    <subfield code="x">0010-5937</subfield>
    <subfield code="0">97371</subfield>
  </datafield>
  <datafield tag="942" ind1=" " ind2=" ">
    <subfield code="c">ARIMP</subfield>
  </datafield>
  <datafield tag="999" ind1=" " ind2=" ">
    <subfield code="c">572371</subfield>
    <subfield code="d">572371</subfield>
  </datafield>
</record>
